[Event "Junior Online 4NCL Division 5"]
[Site "online"]
[Date "2021.04.01"]
[EventDate "2021.04.01"]
[Round "6.157"]
[White "Han, Qixiang"]
[WhiteElo "1023"]
[WhiteTeam "JHJ Shark Tank 8"]
[Black "Wieleba, Hugo"]
[BlackElo "1384"]
[BlackTeam "Wanstead Warriors 2"]
[Result "0-1"]
[PlyCount "190"]

1. e4 e5 2. Nf3 Nf6 3. Nc3 Nc6 4. Bb5 d6 5. O-O Bd7 6. Re1 Be7 7. d4 O-O 8. Bxc6 Bxc6 9. dxe5 dxe5 10. Qxd8 Rfxd8 11. Nxe5 Rd6 12. Nxc6 Rxc6 13. Bf4 h6 14. h3 Rd8 15. Rad1 Rxd1 16. Rxd1 Rc4 17. f3 Bc5+ 18. Kh1 c6 19. Be5 Nh7 20. Rd8+ Nf8 21. g4 f6 22. Bd6 Bxd6 23. Rxd6 Kf7 24. Kg2 Ke7 25. Rd3 Ne6 26. Kg3 g5 27. Rd1 Rd4 28. Rxd4 Nxd4 29. f4 Nxc2 30. fxg5 fxg5 31. h4 Ke6 32. h5 Ne1 33. b3 Ke5 34. a4 Nd3 35. Kf3 Ne1+ 36. Kg3 b6 37. b4 a5 38. bxa5 bxa5 39. Kf2 Nd3+ 40. Ke3 Nb2 41. Kf2 Kd4 42. Ne2+ Kxe4 43. Ng3+ Ke5 44. Nf5 Nxa4 45. Nxh6 Nc3 46. Nf5 a4 47. h6 Ne4+ 48. Ke3 Nf6 49. Kd3 a3 50. Kc3 a2 51. Kb2 Kf4 52. Kxa2 Kxg4 53. Nd4 Kh5 54. Nxc6 Kxh6 55. Kb2 g4 56. Kc2 g3 57. Ne5 Kg5 58. Kd2 Ne4+ 59. Ke3 Kf5 60. Nf3 Kg4 61. Ne5+ Kf5 62. Nf3 Nf2 63. Ng1 Kg4 64. Nf3 Nd3 65. Ng1 Ne1 66. Ke2 Ng2 67. Kf1 Nf4 68. Ke1 Kf5 69. Kd2 Ke4 70. Ke1 Ke3 71. Kf1 g2+ 72. Ke1 Nd3+ 73. Kd1 Nf2+ 74. Ke1 Nd3+ 75. Kd1 Nf4 76. Ke1 Ne6 77. Kd1 Kf2 78. Nh3+ Kg3 79. Ng1 Nd4 80. Kc1 Kh2 81. Nf3+ Nxf3 82. Kd1 g1=Q+ 83. Ke2 Nd4+ 84. Kd3 Kg3 85. Ke4 Qf2 86. Ke5 Qe3+ 87. Kd5 Kf4 88. Kc4 Ke4 89. Kc5 Ne6+ 90. Kb4 Qc5+ 91. Kb3 Nd4+ 92. Kb2 Kd3 93. Ka1 Qa3+ 94. Kb1 Qb3+ 95. Ka1 Nc2# 0-1

[Event "Junior Online 4NCL Division 5"]
[Site "online"]
[Date "2021.04.01"]
[EventDate "2021.04.01"]
[Round "6.158"]
[White "Mukherjee, Aradhya"]
[WhiteElo "1337"]
[WhiteTeam "Wanstead Warriors 2"]
[Black "Pipalia, Ayush"]
[BlackElo "1022"]
[BlackTeam "JHJ Shark Tank 8"]
[Result "1-0"]
[PlyCount "109"]

1. e4 e5 2. d4 d6 3. dxe5 dxe5 4. Qxd8+ Kxd8 5. Nf3 Nc6 6. Ng5 Nh6 7. Bc4 Be6 8. Nxe6+ fxe6 9. Bxe6 Bc5 10. Nc3 Nd4 11. Bb3 Nxb3 12. cxb3 Ng4 13. f3 Nf2 14. Rf1 Nd3+ 15. Kd2 Nf4 16. Na4 Ne6 17. Nxc5 Nxc5 18. b4 Nd7 19. b3 Nb6 20. Bb2 Kd7 21. Bxe5 Rae8 22. f4 Rhf8 23. Rac1 c5 24. bxc5 Nc8 25. Rfd1 Ne7 26. Ke3+ Ke6 27. Rd6+ Kf7 28. f5 g6 29. g3 gxf5 30. exf5 Nxf5+ 31. Kf4 Nxd6 32. Bxd6 Ke6+ 33. Bxf8 Rxf8+ 34. Kg4 Rg8+ 35. Kh3 Rd8 36. Rc2 Rd5 37. c6 bxc6 38. Rxc6+ Ke5 39. Ra6 Rd6 40. Rxa7 Rh6+ 41. Kg2 Ke4 42. h4 Ke3 43. Kh3 Rf6 44. Rxh7 Rf1 45. h5 Kf3 46. Kh4 Rh1+ 47. Kg5 Kxg3 48. h6 Kf3 49. Kf6 Rf1 50. Rf7 Kg4+ 51. Kg6 Rxf7 52. Kxf7 Kh5 53. Kg7 Kh4 54. h7 Kg5 55. h8=Q 1-0

[Event "Junior Online 4NCL Division 5"]
[Site "online"]
[Date "2021.04.01"]
[EventDate "2021.04.01"]
[Round "6.161"]
[White "Nikolov, Alexander"]
[WhiteElo "1525"]
[WhiteTeam "Desert Penguins Neptune"]
[Black "Rajdev, Vamika"]
[BlackElo "1150"]
[BlackTeam "Young Dragons C"]
[Result "1-0"]
[PlyCount "87"]

1. d4 e6 2. a3 Nf6 3. c4 Nc6 4. Nc3 d5 5. Bg5 dxc4 6. e4 Nxd4 7. e5 h6 8. Bxf6 gxf6 9. exf6 e5 10. Ne4 Nb3 11. Qxd8+ Kxd8 12. Rd1+ Bd7 13. Bxc4 Na5 14. Bxf7 Bd6 15. Nxd6 cxd6 16. Rxd6 Kc7 17. Rd1 Raf8 18. Bd5 Rxf6 19. Nf3 Rd6 20. Nxe5 Re8 21. f4 Bc6 22. Bxc6 Rxd1+ 23. Kxd1 bxc6 24. Re1 Nc4 25. Nxc4 Rxe1+ 26. Kxe1 c5 27. f5 Kd7 28. Ke2 Ke8 29. Ke3 h5 30. Ke4 h4 31. Ke5 h3 32. gxh3 a5 33. h4 a4 34. h5 Kf8 35. h6 Kg8 36. Kf6 Kf8 37. h7 Ke8 38. h8=Q+ Kd7 39. Qg7+ Kc6 40. Ke6 Kb5 41. Nd6+ Kc6 42. Qd7+ Kb6 43. Qb7+ Ka5 44. Qb5# 1-0

[Event "Junior Online 4NCL Division 5"]
[Site "online"]
[Date "2021.04.01"]
[EventDate "2021.04.01"]
[Round "6.162"]
[White "Kong, Emma"]
[WhiteElo "1000"]
[WhiteTeam "Young Dragons C"]
[Black "Xu, Owen"]
[BlackElo "1480"]
[BlackTeam "Desert Penguins Neptune"]
[Result "0-1"]
[PlyCount "66"]

1. e4 c5 2. Nc3 a6 3. f4 d6 4. Nf3 Nd7 5. Bc4 e6 6. O-O b5 7. Be2 Bb7 8. d3 Nb6 9. Be3 Nf6 10. h3 b4 11. Nb1 Be7 12. c3 bxc3 13. Nxc3 O-O 14. Qe1 d5 15. exd5 Nfxd5 16. Nxd5 Nxd5 17. Bd2 Qb6 18. b3 Bd6 19. Qh4 c4+ 20. Kh1 cxb3 21. axb3 Be7 22. Ng5 h6 23. Rab1 hxg5 24. fxg5 Rfc8 25. Qh5 Rf8 26. Bf3 Qd6 27. Be4 g6 28. Qh6 Qe5 29. Rf2 Rfc8 30. Bxg6 fxg6 31. Qxg6+ Qg7 32. Qxe6+ Kh8 33. Qf5 Rf8 0-1

[Event "Junior Online 4NCL Division 5"]
[Site "online"]
[Date "2021.04.01"]
[EventDate "2021.04.01"]
[Round "6.163"]
[White "Donati Plutino, Francesco Rodolfo"]
[WhiteElo "993"]
[WhiteTeam "Desert Penguins Neptune"]
[Black "Hoccom, Sebastian"]
[BlackElo "1040"]
[BlackTeam "Young Dragons C"]
[Result "1-0"]
[PlyCount "49"]

1. d4 d5 2. c4 Nf6 3. Bf4 Nc6 4. e3 e5 5. dxe5 Nxe5 6. Bxe5 Qe7 7. Bg3 Qb4+ 8. Nc3 Qxb2 9. Rc1 Bb4 10. Ne2 Qxa2 11. Be5 Bg4 12. h3 Bxe2 13. Bxe2 Bxc3+ 14. Rxc3 dxc4 15. Bxc4 Qa5 16. O-O Qxe5 17. Rc2 O-O 18. Qb1 b6 19. Rd1 Rfd8 20. Rcd2 Ne4 21. Rxd8+ Qe8 22. Rxe8+ Rxe8 23. Qxe4 Rxe4 24. Rd8+ Re8 25. Rxe8# 1-0

[Event "Junior Online 4NCL Division 5"]
[Site "online"]
[Date "2021.04.01"]
[EventDate "2021.04.01"]
[Round "6.164"]
[White "Choung, James Alexander"]
[WhiteElo "900"]
[WhiteTeam "Young Dragons C"]
[Black "Tsitos, Konstantinos"]
[BlackElo "738"]
[BlackTeam "Desert Penguins Neptune"]
[Result "0-1"]
[PlyCount "72"]

1. e4 c5 2. Nf3 d6 3. Nc3 e6 4. Bc4 Nc6 5. O-O Nf6 6. d3 Be7 7. Bg5 O-O 8. Bxf6 Bxf6 9. Re1 a6 10. Qd2 b5 11. Bd5 exd5 12. exd5 Ne7 13. Qf4 b4 14. Ne4 Nxd5 15. Qxd6 Qxd6 16. Nxd6 Bd7 17. Nd2 Rad8 18. Nb7 Rc8 19. Nxc5 Rxc5 20. Ne4 Rxc2 21. Rab1 Bxb2 22. a4 Bxa4 23. Ng5 Rxf2 24. Kxf2 Bd4+ 25. Kf1 Ne3+ 26. Ke2 Nc2 27. Rec1 b3 28. Ne4 b2 29. Rf1 Rb8 30. Nd6 Na3 31. h4 Nxb1 32. Rxb1 Bc2 33. Rxb2 Bxb2 34. g4 a5 35. Nc4 a4 36. Nxb2 a3 0-1

[Event "Junior Online 4NCL Division 5"]
[Site "online"]
[Date "2021.04.01"]
[EventDate "2021.04.01"]
[Round "6.165"]
[White "Rajdev, Vamika"]
[WhiteElo "1150"]
[WhiteTeam "Young Dragons C"]
[Black "Nikolov, Alexander"]
[BlackElo "1525"]
[BlackTeam "Desert Penguins Neptune"]
[Result "0-1"]
[PlyCount "60"]

1. d4 d5 2. c4 e6 3. Nc3 Nf6 4. Nf3 Be7 5. Bg5 O-O 6. e3 Nbd7 7. Bd3 dxc4 8. Bxc4 a6 9. d5 b5 10. dxe6 bxc4 11. exd7 Qxd7 12. Qxd7 Bxd7 13. O-O h6 14. Bxf6 Bxf6 15. Nd5 Bxb2 16. Rab1 c3 17. Nxc7 Rac8 18. Nd5 Rfe8 19. h3 Rb8 20. Nc7 Rec8 21. Nxa6 Rb5 22. Nd4 Rb6 23. Ne2 Rxa6 24. Rfd1 c2 25. Rxd7 cxb1=Q+ 26. Kh2 Be5+ 27. f4 Rxa2 28. Ng3 Qb2 29. Rd8+ Rxd8 30. Nf5 Qxg2# 0-1

[Event "Junior Online 4NCL Division 5"]
[Site "online"]
[Date "2021.04.01"]
[EventDate "2021.04.01"]
[Round "6.166"]
[White "Xu, Owen"]
[WhiteElo "1480"]
[WhiteTeam "Desert Penguins Neptune"]
[Black "Kong, Emma"]
[BlackElo "1000"]
[BlackTeam "Young Dragons C"]
[Result "1-0"]
[PlyCount "95"]

1. d4 d5 2. c4 c6 3. Nc3 Nf6 4. Bg5 Nbd7 5. e3 h6 6. Bh4 e6 7. Nf3 Qb6 8. Qc2 Be7 9. c5 Qa5 10. b4 Qxb4 11. Bd3 Ne4 12. Bxe4 dxe4 13. Bxe7 exf3 14. Bd6 fxg2 15. Rg1 Nf6 16. Kd1 b6 17. Rxg2 Nd5 18. Nxd5 exd5 19. Rb1 Qa5 20. Rxg7 Ba6 21. cxb6 Bb5 22. b7 Rb8 23. Rxb5 Qxb5 24. Bxb8 Qxb7 25. Qb3 Qxb3+ 26. axb3 a5 27. Be5 Ke7 28. Rxf7+ Kxf7 29. Bxh8 Kg6 30. Be5 Kf5 31. f3 Ke6 32. Bc7 Kd7 33. Bxa5 Ke6 34. Bc7 Kf5 35. h4 Kg6 36. Kc2 Kh5 37. Bd8 Kg6 38. Kc3 Kf7 39. Kb4 Ke6 40. Kc5 Kd7 41. Bf6 Kc7 42. h5 Kd7 43. Bg7 Ke7 44. Bxh6 Kf7 45. Bf4 Kg7 46. h6+ Kh7 47. Kxc6 Kg8 48. Kxd5 1-0

[Event "Junior Online 4NCL Division 5"]
[Site "online"]
[Date "2021.04.01"]
[EventDate "2021.04.01"]
[Round "6.167"]
[White "Hoccom, Sebastian"]
[WhiteElo "1040"]
[WhiteTeam "Young Dragons C"]
[Black "Donati Plutino, Francesco Rodolfo"]
[BlackElo "993"]
[BlackTeam "Desert Penguins Neptune"]
[Result "1/2-1/2"]
[PlyCount "124"]

1. e4 c5 2. Nf3 d6 3. Bb5+ Bd7 4. Bxd7+ Nxd7 5. O-O e6 6. Qe2 Ngf6 7. Nc3 Be7 8. Qb5 Rb8 9. Qe2 a6 10. d4 cxd4 11. Nxd4 O-O 12. Bg5 Ne5 13. Bxf6 Bxf6 14. f4 Ng6 15. Nf3 Qb6+ 16. Kh1 Qxb2 17. Na4 Qb4 18. f5 Bxa1 19. fxg6 fxg6 20. Ng5 Bf6 21. Nxe6 Rf7 22. Qg4 Qxa4 23. Ng5 Re7 24. Qh4 Bxg5 25. Qxg5 Qxe4 26. Qd2 Rbe8 27. Qc3 Qe1 28. Qc4+ Kh8 29. Rg1 Re4 30. Qd3 Re3 31. Qd4 h6 32. h3 Kh7 33. Rxe1 Rxe1+ 34. Kh2 R8e2 35. Qxd6 Rxc2 36. Qd7 b5 37. Qd3 Rxa2 38. Qb3 Ree2 39. Kh1 Rxg2 40. Qe6 Rh2+ 41. Kg1 Raf2 42. Qxa6 Rhg2+ 43. Kh1 b4 44. Qa4 Rb2 45. h4 Rge2 46. Qd1 b3 47. Kg1 Rbd2 48. Qb1 b2 49. Kf1 Rh2 50. Kg1 h5 51. Qe1 Rde2 52. Qb1 Rxh4 53. Qd1 Rg4+ 54. Kf1 Rgg2 55. Qb1 Rgf2+ 56. Kg1 Rg2+ 57. Kf1 Rh2 58. Kg1 h4 59. Qd1 h3 60. Qb1 Rhg2+ 61. Kf1 h2 62. Qxg6+ Kxg6 1/2-1/2

[Event "Junior Online 4NCL Division 5"]
[Site "online"]
[Date "2021.04.01"]
[EventDate "2021.04.01"]
[Round "6.168"]
[White "Tsitos, Konstantinos"]
[WhiteElo "738"]
[WhiteTeam "Desert Penguins Neptune"]
[Black "Choung, James Alexander"]
[BlackElo "900"]
[BlackTeam "Young Dragons C"]
[Result "1-0"]
[PlyCount "57"]

1. d4 d5 2. c4 Nf6 3. cxd5 Nxd5 4. e4 Nb6 5. Nf3 e6 6. Nc3 Bb4 7. Bd2 Nc6 8. Bd3 Nxd4 9. Nxd4 Qxd4 10. Nb5 Qxd3 11. Nxc7+ Kf8 12. Nxa8 Nxa8 13. Bxb4+ Ke8 14. Qxd3 Nb6 15. O-O h5 16. Rad1 Bd7 17. Bc5 f5 18. Bxb6 axb6 19. Qxd7+ Kf8 20. Qd8+ Kf7 21. Qxh8 Kg6 22. Rd6 fxe4 23. Rxe6+ Kg5 24. Qh6+ Kf5 25. Qg6+ Kf4 26. Re1 h4 27. Qxe4+ Kg5 28. Qg6+ Kf4 29. R6e4# 1-0

[Event "Junior Online 4NCL Division 5"]
[Site "online"]
[Date "2021.04.01"]
[EventDate "2021.04.01"]
[Round "6.171"]
[White "Tolani, Kabir"]
[WhiteElo "1455"]
[WhiteTeam "Chess Challengers E"]
[Black "Winser, Frederick"]
[BlackElo "1176"]
[BlackTeam "Manchester Juniors E"]
[Result "1-0"]
[PlyCount "85"]

1. e4 e5 2. Nf3 Nc6 3. Bb5 a6 4. Ba4 Bd6 5. Nc3 Nf6 6. Bxc6 bxc6 7. d3 O-O 8. Bg5 h6 9. Bh4 a5 10. O-O Ba6 11. Re1 Be7 12. Nxe5 d6 13. Nxc6 Bb7 14. Nxd8 Rfxd8 15. Nd5 g5 16. Nxe7+ Kf8 17. Nf5 gxh4 18. Nxh6 Ng8 19. Qh5 Nxh6 20. Qxh6+ Ke7 21. Qxh4+ Kd7 22. Qh3+ Kc6 23. d4 Rh8 24. Qc3+ Kd7 25. e5 dxe5 26. dxe5 Rag8 27. e6+ Ke8 28. exf7+ Kxf7 29. Qxc7+ Kf8 30. Qf4+ Kg7 31. Qe5+ Kh7 32. Qe7+ Rg7 33. Qh4+ Kg8 34. Re8+ Kf7 35. Re7+ Kg8 36. Re8+ Kf7 37. Qxh8 Rxg2+ 38. Kf1 Ba6+ 39. Kxg2 Bb7+ 40. Kg3 Bc6 41. Qf8+ Kg6 42. Re6+ Kh5 43. Qf5# 1-0

[Event "Junior Online 4NCL Division 5"]
[Site "online"]
[Date "2021.04.01"]
[EventDate "2021.04.01"]
[Round "6.172"]
[White "Devarakonda, Aryan"]
[WhiteElo "1135"]
[WhiteTeam "Manchester Juniors E"]
[Black "Pyla, Akhil"]
[BlackElo "1426"]
[BlackTeam "Chess Challengers E"]
[Result "0-1"]
[PlyCount "70"]

1. e4 d5 2. e5 d4 3. Bc4 f6 4. Qh5+ g6 5. Qf3 h5 6. Qd5 Qxd5 7. Bxd5 fxe5 8. Nf3 Bg7 9. O-O c6 10. Bxg8 Rxg8 11. Re1 Nd7 12. d3 e6 13. Bg5 b6 14. Nbd2 Bb7 15. Nc4 c5 16. Nd6+ Kf8 17. Nxb7 Rb8 18. Nd6 b5 19. Nh4 Bf6 20. Bxf6 Nxf6 21. Rxe5 g5 22. Nf3 g4 23. Ng5 Rb6 24. Rxe6 Rxg5 25. Rxf6+ Ke7 26. Rh6 Rd5 27. Re1+ Kd7 28. Ree6 Rbxd6 29. Re4 Rxh6 30. f4 c4 31. dxc4 bxc4 32. b3 d3 33. bxc4 dxc2 34. Re1 Rd1 35. Rxd1+ cxd1=Q+ 0-1

[Event "Junior Online 4NCL Division 5"]
[Site "online"]
[Date "2021.04.01"]
[EventDate "2021.04.01"]
[Round "6.173"]
[White "Mohanraj, Vibu Karthik"]
[WhiteElo "1420"]
[WhiteTeam "Chess Challengers E"]
[Black "Elisseev-Siuda, Ivan"]
[BlackElo "1099"]
[BlackTeam "Manchester Juniors E"]
[Result "0-1"]
[PlyCount "70"]

1. e4 e5 2. Nf3 Nc6 3. Nc3 Bc5 4. h3 h6 5. Bc4 Nf6 6. d3 d6 7. O-O O-O 8. Re1 Be6 9. Bxe6 fxe6 10. Be3 Bb6 11. Bxb6 axb6 12. a3 Qe8 13. b4 Nd4 14. Nxd4 exd4 15. Nb5 Qxb5 16. a4 Qxb4 17. e5 dxe5 18. Rxe5 Qd6 19. Qe1 Nd7 20. Rxe6 Qc5 21. Re2 Nf6 22. g4 Qg5 23. Kf1 Qh4 24. Kg2 h5 25. gxh5 Nxh5 26. f3 Nf4+ 27. Kf1 Qxh3+ 28. Kg1 Nxe2+ 29. Qxe2 Rxf3 30. Qg2 Rg3 31. Qxg3 Qxg3+ 32. Kf1 Rf8+ 33. Ke2 Re8+ 34. Kd2 Qf2+ 35. Kd1 Re1# 0-1

[Event "Junior Online 4NCL Division 5"]
[Site "online"]
[Date "2021.04.01"]
[EventDate "2021.04.01"]
[Round "6.174"]
[White "Topping, Rachel"]
[WhiteElo "1097"]
[WhiteTeam "Manchester Juniors E"]
[Black "Pang, Isobel"]
[BlackElo "1420"]
[BlackTeam "Chess Challengers E"]
[Result "1/2-1/2"]
[PlyCount "122"]

1. e4 b6 2. Nc3 Bb7 3. Bc4 e6 4. Qf3 Nf6 5. d3 d5 6. exd5 exd5 7. Qe2+ Be7 8. Bb5+ c6 9. Ba4 O-O 10. Bg5 Na6 11. d4 c5 12. Nb5 Re8 13. O-O-O c4 14. Nxa7 Nd7 15. Be3 Rxa7 16. b3 Bg5 17. Kb1 Bxe3 18. fxe3 Re4 19. bxc4 dxc4 20. Qxc4 Rxe3 21. Bb3 Ne5 22. Qf1 Bd5 23. dxe5 Rxe5 24. Nf3 Rf5 25. Bxd5 Rxd5 26. Rxd5 Qxd5 27. Kc1 Nb4 28. Qd1 Qxd1+ 29. Rxd1 Ra8 30. Kd2 Rd8+ 31. Ke2 Rxd1 32. Kxd1 Nxa2 33. Nd4 Nc3+ 34. Kd2 Ne4+ 35. Ke3 Nf6 36. Nc6 h5 37. Ne7+ Kh7 38. Kf4 h4 39. Nf5 Nh5+ 40. Kf3 g5 41. g3 hxg3 42. hxg3 f6 43. g4 Ng7 44. Nd4 Kg6 45. Ke4 Ne8 46. c4 Nd6+ 47. Kd5 Nb7 48. Kc6 Nd8+ 49. Kxb6 Nf7 50. c5 Ne5 51. c6 Nxc6 52. Nxc6 f5 53. gxf5+ Kxf5 54. Nd4+ Kf4 55. Ne6+ Kf5 56. Nd4+ Kf4 57. Kc5 g4 58. Ne2+ Kf3 59. Nd4+ Kf4 60. Ne2+ Kf3 61. Nd4+ Kf4 1/2-1/2

[Event "Junior Online 4NCL Division 5"]
[Site "online"]
[Date "2021.04.01"]
[EventDate "2021.04.01"]
[Round "6.175"]
[White "Winser, Frederick"]
[WhiteElo "1176"]
[WhiteTeam "Manchester Juniors E"]
[Black "Tolani, Kabir"]
[BlackElo "1455"]
[BlackTeam "Chess Challengers E"]
[Result "0-1"]
[PlyCount "48"]

1. e4 e5 2. Nf3 Nc6 3. Bb5 Nf6 4. Bxc6 dxc6 5. O-O Nxe4 6. Re1 Bf5 7. d3 Nf6 8. Nh4 Bg6 9. Nxg6 hxg6 10. Nc3 Bd6 11. Bg5 O-O 12. Bxf6 Qxf6 13. d4 exd4 14. Na4 b5 15. Nc3 dxc3 16. bxc3 Bc5 17. a4 Bxf2+ 18. Kh1 Bxe1 19. Qxe1 bxa4 20. Rxa4 Rfe8 21. Re4 Rxe4 22. Qxe4 Qxc3 23. Qf3 Qa1+ 24. Qf1 Qxf1# 0-1

[Event "Junior Online 4NCL Division 5"]
[Site "online"]
[Date "2021.04.01"]
[EventDate "2021.04.01"]
[Round "6.176"]
[White "Pyla, Akhil"]
[WhiteElo "1426"]
[WhiteTeam "Chess Challengers E"]
[Black "Devarakonda, Aryan"]
[BlackElo "1135"]
[BlackTeam "Manchester Juniors E"]
[Result "1/2-1/2"]
[PlyCount "136"]

1. e4 e5 2. Nf3 Nf6 3. Qe2 d6 4. Nc3 Bg4 5. d3 Nc6 6. Be3 d5 7. exd5 Nxd5 8. Nxd5 Qxd5 9. h3 Bh5 10. g4 Bg6 11. h4 O-O-O 12. h5 Nd4 13. Nxd4 exd4 14. hxg6 dxe3 15. Rxh7 Bb4+ 16. c3 Bd6 17. Rxh8 Rxh8 18. fxe3 Bg3+ 19. Kd2 Qb5 20. gxf7 Qxb2+ 21. Kd1 Qxa1+ 22. Kd2 Qxa2+ 23. Kd1 Qb3+ 24. Kd2 Be5 25. Qf3 Qxc3+ 26. Ke2 Qb2+ 27. Ke1 Qa1+ 28. Kf2 Bf6 29. Qh3 Rxh3 30. f8=Q+ Kd7 31. Bxh3 Qb2+ 32. Kf3 Qh2 33. g5+ Qxh3+ 34. Ke4 Qe6+ 35. Kf4 Qe5+ 36. Kf3 Qxg5 37. Qf7+ Kd6 38. Qf8+ Ke5 39. d4+ Ke6 40. Qc8+ Ke7 41. Qxc7+ Ke6 42. Qc4+ Ke7 43. Qc7+ Ke6 44. Qxb7 Qf5+ 45. Ke2 Qg4+ 46. Kd3 Qg6+ 47. e4 Qg3+ 48. Kc4 g5 49. d5+ Kd6 50. Qc6+ Ke7 51. Qe6+ Kd8 52. Qxf6+ Kd7 53. Qe6+ Kc7 54. Qf7+ Kb6 55. Qe6+ Ka5 56. d6 Kb6 57. d7+ Kc7 58. Qe7 a5 59. d8=Q+ Kc6 60. Qf6+ Kb7 61. Qde7+ Qc7+ 62. Qxc7+ Kxc7 63. Qxg5 Kb6 64. Qxa5+ Kxa5 65. e5 Kb6 66. e6 Kc7 67. e7 Kd7 68. e8=Q+ Kxe8 1/2-1/2

[Event "Junior Online 4NCL Division 5"]
[Site "online"]
[Date "2021.04.01"]
[EventDate "2021.04.01"]
[Round "6.177"]
[White "Elisseev-Siuda, Ivan"]
[WhiteElo "1099"]
[WhiteTeam "Manchester Juniors E"]
[Black "Mohanraj, Vibu Karthik"]
[BlackElo "1420"]
[BlackTeam "Chess Challengers E"]
[Result "0-1"]
[PlyCount "88"]

1. d4 d5 2. c4 dxc4 3. e4 Be6 4. d5 Bd7 5. Bxc4 Nf6 6. Nc3 e6 7. e5 Nxd5 8. Nxd5 exd5 9. Qxd5 Bb4+ 10. Bd2 Bxd2+ 11. Qxd2 O-O 12. Nf3 Re8 13. O-O Nc6 14. Rfe1 Bg4 15. Ng5 Qxd2 16. Bxf7+ Kf8 17. Bxe8 Rxe8 18. Nxh7+ Kg8 19. h3 Bf5 20. g4 Bxh7 21. Rad1 Qxb2 22. e6 Qxa2 23. Kf1 Rxe6 24. Rxe6 Qxe6 25. Re1 Qc4+ 26. Kg1 a5 27. Re8+ Kf7 28. Re1 a4 29. Ra1 Qb3 30. f4 a3 31. f5 a2 32. g5 Bxf5 33. h4 Qb1+ 34. Rxb1 axb1=Q+ 35. Kg2 Nd4 36. Kg3 c5 37. h5 c4 38. Kf4 c3 39. h6 gxh6 40. gxh6 c2 41. h7 Bxh7 42. Ke5 c1=Q 43. Kd5 Qb5+ 44. Kd6 Qcc6# 0-1

[Event "Junior Online 4NCL Division 5"]
[Site "online"]
[Date "2021.04.01"]
[EventDate "2021.04.01"]
[Round "6.178"]
[White "Pang, Isobel"]
[WhiteElo "1420"]
[WhiteTeam "Chess Challengers E"]
[Black "Topping, Rachel"]
[BlackElo "1097"]
[BlackTeam "Manchester Juniors E"]
[Result "0-1"]
[PlyCount "60"]

1. e4 e5 2. Nf3 Nc6 3. d4 Qf6 4. Bg5 Qd6 5. Be3 Nf6 6. Nc3 Qb4 7. Qd3 Qxb2 8. Rb1 Qa3 9. Rb3 Qd6 10. Be2 Nb4 11. Qc4 Nxc2+ 12. Kd2 Nxe3 13. fxe3 Be7 14. Bd3 O-O 15. Nb5 Qb6 16. Nxc7 Qa5+ 17. Ke2 Qxa2+ 18. Nd2 Rb8 19. dxe5 Ng4 20. Qc3 a5 21. Bb1 Qa4 22. Nc4 Bb4 23. Qd3 b6 24. Nd5 Ba6 25. Nxb4 Bxc4 26. Qxc4 axb4 27. Rxb4 Qa7 28. Ra4 Qb7 29. Bd3 Nxe5 30. Qd4 Nc6 0-1

[Event "Junior Online 4NCL Division 5"]
[Site "online"]
[Date "2021.04.01"]
[EventDate "2021.04.01"]
[Round "6.182"]
[White "Walsh, Conor"]
[WhiteElo "800"]
[WhiteTeam "St. Laurence's BNS 1"]
[Black "Poon, Evan"]
[BlackElo "1269"]
[BlackTeam "KEGS B"]
[Result "0-1"]
[PlyCount "78"]

1. d4 d5 2. c4 c6 3. Nc3 Nf6 4. Bf4 Bf5 5. c5 Nbd7 6. Nf3 e6 7. e3 Be7 8. Be2 O-O 9. O-O a6 10. Qd2 Re8 11. Rfe1 Nf8 12. Bd3 Ne4 13. Nxe4 dxe4 14. Bxe4 Bxe4 15. Ne5 Ng6 16. f3 Nxe5 17. Bxe5 Bg6 18. e4 f6 19. Bf4 e5 20. dxe5 Qxd2 21. Bxd2 fxe5 22. Bc3 Bxc5+ 23. Kh1 Rad8 24. Rad1 Bd4 25. f4 Bxc3 26. Rxd8 Rxd8 27. bxc3 exf4 28. Rf1 Bxe4 29. h3 Rf8 30. Kh2 f3 31. gxf3 Rxf3 32. Rxf3 Bxf3 33. Kg3 Bd5 34. Kf4 Bxa2 35. Ke5 Bd5 36. Kd6 a5 37. Kc7 a4 38. Kxb7 a3 39. Kb6 a2 0-1

[Event "Junior Online 4NCL Division 5"]
[Site "online"]
[Date "2021.04.01"]
[EventDate "2021.04.01"]
[Round "6.183"]
[White "Fernandes, Cleon"]
[WhiteElo "1000"]
[WhiteTeam "KEGS B"]
[Black "McAuley, Jamie"]
[BlackElo "700"]
[BlackTeam "St. Laurence's BNS 1"]
[Result "0-1"]
[PlyCount "72"]

1. e4 e5 2. Nf3 Nc6 3. Bc4 h6 4. Nc3 Nf6 5. Bd5 Bc5 6. Bxc6 dxc6 7. Nxe5 O-O 8. O-O Qe8 9. Nc4 Ng4 10. h3 Nxf2 11. d4 Nxd1 12. Rxd1 Bb4 13. a3 Bxc3 14. bxc3 Qe6 15. d5 Qg6 16. Re1 cxd5 17. exd5 Bxh3 18. Ne3 Rfe8 19. Kf2 Bf5 20. Kf3 Bxc2 21. Nxc2 Qxc2 22. Be3 Qxc3 23. Rac1 Qxa3 24. Rxc7 Qd6 25. Rxb7 Qxd5+ 26. Ke2 Qxb7 27. Rc1 Qxg2+ 28. Kd3 Rad8+ 29. Bd4 Qg3+ 30. Kc4 Rc8+ 31. Bc5 Qe3 32. Kb5 Qxc1 33. Bxa7 Re5+ 34. Kb6 Qc5+ 35. Kb7 Rc7+ 36. Kb8 Qxa7# 0-1

[Event "Junior Online 4NCL Division 5"]
[Site "online"]
[Date "2021.04.01"]
[EventDate "2021.04.01"]
[Round "6.184"]
[White "Friel, Daniel"]
[WhiteElo "700"]
[WhiteTeam "St. Laurence's BNS 1"]
[Black "Fernandes, Dion"]
[BlackElo "1000"]
[BlackTeam "KEGS B"]
[Result "0-1"]
[PlyCount "86"]

1. e4 e5 2. Nf3 Nc6 3. Bc4 Nd4 4. Nxd4 exd4 5. Qh5 Qf6 6. d3 g6 7. Qd1 Qc6 8. b3 Bg7 9. Bb2 a6 10. O-O b5 11. Bd5 Qd6 12. Bxa8 c6 13. c3 dxc3 14. Bc1 Nf6 15. Qc2 b4 16. g3 Qb8 17. Bxc6 dxc6 18. Bf4 Qb5 19. Re1 Qc5 20. e5 Ng4 21. h3 Nxe5 22. Be3 Qd5 23. Rf1 Nxd3 24. Rd1 Bf5 25. g4 Be4 26. Kf1 Bg2+ 27. Ke2 Qf3+ 28. Kxd3 Qd5+ 29. Ke2 Bf3+ 30. Ke1 Bxd1 31. Qxd1 Qh1+ 32. Ke2 Qxh3 33. Bb6 O-O 34. Qc2 Qxg4+ 35. Kf1 Rd8 36. Bxd8 Qd7 37. Bb6 Qd5 38. Qe2 c2 39. Qe8+ Bf8 40. Bc7 c1=Q+ 41. Ke2 Qcd1+ 42. Ke3 Qe1+ 43. Kf4 Qxe8 0-1

[Event "Junior Online 4NCL Division 5"]
[Site "online"]
[Date "2021.04.01"]
[EventDate "2021.04.01"]
[Round "6.186"]
[White "Poon, Evan"]
[WhiteElo "1269"]
[WhiteTeam "KEGS B"]
[Black "Walsh, Conor"]
[BlackElo "800"]
[BlackTeam "St. Laurence's BNS 1"]
[Result "1/2-1/2"]
[PlyCount "132"]

1. e4 c5 2. Nf3 d6 3. d4 cxd4 4. Nxd4 Nf6 5. Nc3 a6 6. Bd3 Nc6 7. Nxc6 bxc6 8. O-O g6 9. Be3 Bg7 10. Qd2 O-O 11. Bh6 Ne8 12. Bxg7 Nxg7 13. f4 d5 14. exd5 cxd5 15. Be2 d4 16. Nd1 Bb7 17. Nf2 Nf5 18. Rfe1 Ne3 19. c3 Nxg2 20. cxd4 Qd5 21. Rf1 Ne3 22. Bf3 Qxf3 23. Nd3 Nxf1 24. Rxf1 Qh1+ 25. Kf2 Qg2+ 26. Ke1 Qxd2+ 27. Kxd2 Rad8 28. Ke3 Rd6 29. Nc5 Bd5 30. a3 Rb8 31. b4 Rb5 32. Rg1 a5 33. bxa5 Rxa5 34. a4 f6 35. Rb1 Kf7 36. h4 h6 37. Rf1 Kg7 38. Rg1 g5 39. fxg5 fxg5 40. hxg5 hxg5 41. Rxg5+ Rg6 42. Rxd5 Kf6 43. Nd7+ Ke6 44. Rxa5 Kxd7 45. Ra7+ Ke8 46. a5 Rg1 47. a6 Ra1 48. Ra8+ Kf7 49. a7 Ke6 50. Ke4 Re1+ 51. Kd3 Ra1 52. Kc4 Kf5 53. Kd5 e6+ 54. Kd6 Ra6+ 55. Ke7 e5 56. Rf8+ Ke4 57. a8=Q+ Rxa8 58. Rxa8 exd4 59. Ra4 Ke3 60. Kd6 d3 61. Ra3 Ke2 62. Kd5 d2 63. Ra2 Ke1 64. Ra1+ Ke2 65. Kd4 d1=Q+ 66. Rxd1 Kxd1 1/2-1/2

[Event "Junior Online 4NCL Division 5"]
[Site "online"]
[Date "2021.04.01"]
[EventDate "2021.04.01"]
[Round "6.187"]
[White "McAuley, Jamie"]
[WhiteElo "700"]
[WhiteTeam "St. Laurence's BNS 1"]
[Black "Fernandes, Cleon"]
[BlackElo "1000"]
[BlackTeam "KEGS B"]
[Result "1-0"]
[PlyCount "73"]

1. e4 e5 2. Nf3 Nc6 3. Nc3 Nf6 4. Bc4 h6 5. O-O Bc5 6. h3 O-O 7. a3 Na5 8. b4 Bxb4 9. Bxf7+ Rxf7 10. axb4 Nc6 11. b5 Nd4 12. Nxe5 Rf8 13. Nf3 c5 14. Ba3 b6 15. Nxd4 cxd4 16. Bxf8 Qxf8 17. Qf3 dxc3 18. dxc3 Bb7 19. c4 Bxe4 20. Qe2 Qb4 21. Rab1 Qc3 22. Rfc1 Bd5 23. Rb3 Qd4 24. cxd5 Nxd5 25. Rd1 Qc5 26. Rbd3 Nf4 27. Qe4 Nxd3 28. Qxa8+ Kh7 29. Rxd3 Qxc2 30. Rxd7 Qc1+ 31. Kh2 Qf4+ 32. g3 Qxf2+ 33. Kh1 Qf1+ 34. Kh2 Qf2+ 35. Kh1 Qxg3 36. Qe4+ Kh8 37. Rd8# 1-0